In the Shadow of Djoser's Pyramid : Research of Polish Archaeologists in Saqqara.

Presentation of discoveries made by the Polish archaeological mission in Saqqara (Egypt) west of the Pyramid of Djoser, including cemeteries of noblemen form the Old Kingdom (the late third millennium BC) and the Ptolemaic Period (the late first millennium BC). Keywords: excavations, conservation, O...

Full description

Bibliographic Details
Main Author: Stępień, Miłosława.
Other Authors: Burzyński, Jan., Myśliwiec, Karol Jan.
Format: eBook
Language:English
Published: Frankfurt a.M. : Peter Lang GmbH, Internationaler Verlag der Wissenschaften, 2020.
Edition:1st ed.
Series:Studies in Classical Literature and Culture Series
Subjects:
Online Access:Click to View
LEADER 03019nam a22004333i 4500
001 EBC30686163
003 MiAaPQ
005 20231204023231.0
006 m o d |
007 cr cnu||||||||
008 231204s2020 xx o ||||0 eng d
020 |a 9783631820599  |q (electronic bk.) 
020 |z 9783631818121 
035 |a (MiAaPQ)EBC30686163 
035 |a (Au-PeEL)EBL30686163 
035 |a (OCoLC)1226329027 
040 |a MiAaPQ  |b eng  |e rda  |e pn  |c MiAaPQ  |d MiAaPQ 
082 0 |a 932 
100 1 |a Stępień, Miłosława. 
245 1 0 |a In the Shadow of Djoser's Pyramid :  |b Research of Polish Archaeologists in Saqqara. 
250 |a 1st ed. 
264 1 |a Frankfurt a.M. :  |b Peter Lang GmbH, Internationaler Verlag der Wissenschaften,  |c 2020. 
264 4 |c {copy}2020. 
300 |a 1 online resource (480 pages) 
336 |a text  |b txt  |2 rdacontent 
337 |a computer  |b c  |2 rdamedia 
338 |a online resource  |b cr  |2 rdacarrier 
490 1 |a Studies in Classical Literature and Culture Series ;  |v v.8 
505 0 |a Cover -- Copyright information -- Contents -- Introduction -- Bibliography -- Chronological table -- Chapter 1. History and archaeology: Saqqara in Egyptian history -- Chapter 2. From Edfu to Saqqara: Polish archaeology in the Nile Valley -- Chapter 3. First steps -- Chapter 4. The vizier's revenge -- Chapter 5. A testimony to stormy times -- Chapter 6. In the realm of Osiris -- Chapter 7. Cult of the dead -- Chapter 8. The vizier's posthumous neighbour -- Chapter 9. Behind the scenes of family bliss -- Chapter 10. Renaissance of the necropolis after two thousand years -- Chapter 11. Primum non nocere , or the medicine of artefacts -- Chapter 12. The rest is silence -- Extroduction -- Glossary of deities -- Glossary of archaeological terms -- Glossary of foreign expressions and words -- List of figures -- Figures -- Deities. 
520 |a Presentation of discoveries made by the Polish archaeological mission in Saqqara (Egypt) west of the Pyramid of Djoser, including cemeteries of noblemen form the Old Kingdom (the late third millennium BC) and the Ptolemaic Period (the late first millennium BC). Keywords: excavations, conservation, Old Kingdom, Ptolemaic Period, rock-hewn tombs. 
588 |a Description based on publisher supplied metadata and other sources. 
590 |a Electronic reproduction. Ann Arbor, Michigan : ProQuest Ebook Central, 2023. Available via World Wide Web. Access may be limited to ProQuest Ebook Central affiliated libraries.  
655 4 |a Electronic books. 
700 1 |a Burzyński, Jan. 
700 1 |a Myśliwiec, Karol Jan. 
776 0 8 |i Print version:  |a Stępień, Miłosława  |t In the Shadow of Djoser's Pyramid  |d Frankfurt a.M. : Peter Lang GmbH, Internationaler Verlag der Wissenschaften,c2020  |z 9783631818121 
797 2 |a ProQuest (Firm) 
830 0 |a Studies in Classical Literature and Culture Series 
856 4 0 |u https://ebookcentral.proquest.com/lib/matrademy/detail.action?docID=30686163  |z Click to View